| 000 | 00564nam a2200169 a 4500 | ||
|---|---|---|---|
| 005 | 20210223125023.0 | ||
| 008 | 030620s1975 mx r 000 0 spa d | ||
| 035 | _aUPN01000126378 | ||
| 049 | _aSEP | ||
| 050 | 4 |
_aLB1585.5 _bB3.6 |
|
| 100 | 1 |
_aBarreto Amaro, Cipriano, _d1932- _936150 |
|
| 245 | 1 | 0 |
_aProgramación por objetivos / _csíntesis por Cipriano Barreto Amaro. |
| 260 |
_aMéxico : _bSEP, Dirección General de Educación Física, Subdirección Técnica, _c1975. |
||
| 300 | _a10 p. | ||
| 650 | 4 |
_aEDUCACION FISICA - _xPLANIFICACION _95378 |
|
| 905 | _aLibro | ||
| 999 |
_c98557 _d98557 |
||